000 00772nam a2200301Ia 4500
001 6450
008 191123s9999 xx 000 0 und d
041 _aspa
044 _amx
100 _aBáez Macías, Eduardo,
245 0 _aEl Arcángel San Miguel :
_bsu patrocinio, la Ermita en el Santo Desierto de Cuajimalpa y el Santuario de Tlaxcala.
260 _aMéxico :
_bUniversidad Nacional Autónoma,
_c1979.
300 _a88 p.
650 _aARCANGEL SAN MIGUEL
650 _aARTE RELIGIIOSO
650 _aESCULTURAS
650 _aMEJICO
650 _aPINTURAS
650 _aSAN MIGUEL
902 _aM
903 _am
904 _am
907 _aImpreso
911 _a44 láminas b/n; 23 cm
912 _a1979
942 _cLIBRO
999 _c4428
_d4428